000 00737cab a2200265 4500
001 ABS52739
008 090401t1995 xxu||||| |||| 00| 0 eng d
035 _a(Sirsi) u93908
041 _aeng
100 _aWhite, G.
245 _aLandlords and tenants in search of a good clause
260 _c1995
350 _a0
490 _aProperty Week
_v51(2) 13 April 1995, 23(1)
520 _aPoints to note about user clauses from the tenant`s and the landlord`s perspective.
650 _aCHANGE OF USE
650 _aLEASES
650 _aRESTRICTIVE USE
650 _aUSE CLASSES
650 _aUSER CLAUSES
690 _aLANDLORD AND TENANT-BUSINESS TENANCIES
700 _aVivian, J.
942 _n0
948 _c04/03/1997
999 _c59512
_d59512